<?xml version="1.0" encoding="UTF-8"?>
<record
    xmlns:xsi="http://www.w3.org/2001/XMLSchema-instance"
    xsi:schemaLocation="http://www.loc.gov/MARC21/slim http://www.loc.gov/standards/marcxml/schema/MARC21slim.xsd"
    xmlns="http://www.loc.gov/MARC21/slim">

  <leader>01098nam a22002297a 4500</leader>
  <datafield tag="952" ind1=" " ind2=" ">
    <subfield code="0">0</subfield>
    <subfield code="1">0</subfield>
    <subfield code="2">ddc</subfield>
    <subfield code="4">0</subfield>
    <subfield code="7">0</subfield>
    <subfield code="8">NFIC</subfield>
    <subfield code="a">ASL</subfield>
    <subfield code="b">ASL</subfield>
    <subfield code="c">SIC</subfield>
    <subfield code="d">2022-04-28</subfield>
    <subfield code="e">Donated by Prof. Sirajul Islam FRHS</subfield>
    <subfield code="l">0</subfield>
    <subfield code="o">923.2 HOB</subfield>
    <subfield code="p">116675</subfield>
    <subfield code="r">2022-04-28 00:00:00</subfield>
    <subfield code="t">C-1</subfield>
    <subfield code="w">2022-04-28</subfield>
    <subfield code="y">BK</subfield>
  </datafield>
  <datafield tag="999" ind1=" " ind2=" ">
    <subfield code="c">28661</subfield>
    <subfield code="d">28661</subfield>
  </datafield>
  <controlfield tag="003">BDDh-ASL</controlfield>
  <controlfield tag="005">20231016062619.0</controlfield>
  <controlfield tag="008">200919b2000       ||||| b||| 001 0     d</controlfield>
  <datafield tag="040" ind1=" " ind2=" ">
    <subfield code="a">BDDh-ASL</subfield>
    <subfield code="c">BDDh-ASL</subfield>
    <subfield code="d">BDDh-ASL</subfield>
  </datafield>
  <datafield tag="041" ind1=" " ind2=" ">
    <subfield code="a">bengali </subfield>
  </datafield>
  <datafield tag="082" ind1=" " ind2=" ">
    <subfield code="a">923.2</subfield>
    <subfield code="b">HOB</subfield>
  </datafield>
  <datafield tag="100" ind1="1" ind2=" ">
    <subfield code="9">5912</subfield>
    <subfield code="a">&#x9B9;&#x9CB;&#x9B8;&#x9C7;&#x9A8;, &#x9A4;&#x9BE;&#x99C;&#x9C1;&#x9B2;</subfield>
    <subfield code="c">&#x9A1;&#x9BE;.</subfield>
  </datafield>
  <datafield tag="245" ind1="1" ind2=" ">
    <subfield code="a">&#x98F;&#x9AE;. &#x98F;&#x9A8;. &#x9B0;&#x9BE;&#x9AF;&#x9BC;&#x9C7;&#x9B0; &#x9AA;&#x9B2;&#x9BE;&#x9B6;&#x9C0;&#x9B0; &#x9AF;&#x9C1;&#x9A6;&#x9CD;&#x9A7; &#x9AA;&#x9CD;&#x9B0;&#x9BE;&#x9A5;&#x9AE;&#x9BF;&#x995; &#x9AA;&#x9B0;&#x9BF;&#x99A;&#x9AF;&#x9BC; /</subfield>
  </datafield>
  <datafield tag="246" ind1=" " ind2=" ">
    <subfield code="a">M. N. Royer Prathomic Porichoy </subfield>
  </datafield>
  <datafield tag="260" ind1=" " ind2=" ">
    <subfield code="a">&#x9A2;&#x9BE;&#x995;&#x9BE;: </subfield>
    <subfield code="b">&#x9AE;&#x9BE;&#x9A8;&#x9AC;&#x9A4;&#x9BE;&#x9AC;&#x9BE;&#x9A6;&#x9C0; &#x9AA;&#x9CD;&#x9B0;&#x995;&#x9BE;&#x9B6;&#x9A8;, </subfield>
    <subfield code="c">&#x9E8;&#x9E6;&#x9E6;&#x9E6;&#x964; </subfield>
  </datafield>
  <datafield tag="300" ind1=" " ind2=" ">
    <subfield code="a">&#x9EE;&#x9E6; &#x9AA;&#x9C3;&#x9B7;&#x9CD;&#x9A0;&#x9BE;: </subfield>
    <subfield code="c">&#x9E8;&#x9E8; &#x9B8;&#x9C7;. &#x9AE;&#x9BF;.&#x964; </subfield>
  </datafield>
  <datafield tag="440" ind1=" " ind2=" ">
    <subfield code="9">5913</subfield>
    <subfield code="a">&#x9AC;&#x9BF;&#x982;&#x9B6; &#x9B6;&#x9A4;&#x9BE;&#x9AC;&#x9CD;&#x9A6;&#x9C0;&#x9B0; &#x9B8;&#x9CD;&#x9AC;&#x9BE;&#x9A7;&#x9C0;&#x9A8;&#x9A4;&#x9BE; &#x9B8;&#x982;&#x997;&#x9CD;&#x9B0;&#x9BE;&#x9AE; &#x9B8;&#x9BF;&#x9B0;&#x9BF;&#x99C;: &#x98F;&#x9AE;. &#x98F;&#x9A8;. &#x9B0;&#x9BE;&#x9AF;&#x9BC;&#x9C7;&#x9B0; &#x993;&#x9A1;&#x9C7;&#x9B8;&#x9C0;</subfield>
    <subfield code="n"> &#x9E7;.</subfield>
  </datafield>
  <datafield tag="650" ind1=" " ind2="0">
    <subfield code="a">biographical dictionary - &#x99A;&#x9B0;&#x9BF;&#x9A4;&#x9BE;&#x9AD;&#x9BF;&#x9A7;&#x9BE;&#x9A8;</subfield>
    <subfield code="9">4665</subfield>
  </datafield>
  <datafield tag="650" ind1=" " ind2="0">
    <subfield code="a">Political Leader (&#x9B0;&#x9BE;&#x99C;&#x9A8;&#x9C8;&#x9A4;&#x9BF;&#x995; &#x9A8;&#x9C7;&#x9A4;&#x9BE;)</subfield>
    <subfield code="9">5905</subfield>
  </datafield>
  <datafield tag="650" ind1=" " ind2="0">
    <subfield code="a">Politics (&#x9B0;&#x9BE;&#x99C;&#x9A8;&#x9C0;&#x9A4;&#x9BF;)</subfield>
    <subfield code="9">5777</subfield>
  </datafield>
  <datafield tag="942" ind1=" " ind2=" ">
    <subfield code="2">ddc</subfield>
    <subfield code="c">BK</subfield>
  </datafield>
</record>
